[Event "Malmo op"]
[Site "Malmo"]
[Date "2019.12.13"]
[Round "1"]
[White "Sjolander, Johan"]
[Black "Lofgren, John"]
[Result "0-1"]
[WhiteElo "1249"]
[BlackElo "1596"]
[PlyCount "42"]
[EventDate "2019.12.13"]
[EventType "swiss"]
[EventRounds "8"]
[EventCountry "SWE"]
[SourceTitle "EXT 2021"]
[Source "ChessBase"]
[SourceDate "2020.10.23"]
[SourceVersion "1"]
[SourceVersionDate "2020.10.23"]
[SourceQuality "1"]

1. e4 d5 2. e5 e6 3. Nf3 Ne7 4. Nc3 d4 5. Ne4 Ng6 6. Bc4 Nc6 7. Bb5 Bd7 8. Bxc6 Bxc6 9. d3 Qd5 10. Bd2 Nxe5 11. 0-0 Bd6 12. Qe2 Nxf3+ 13. Qxf3 0-0 14. Bh6 Qe5 15. Qg3 Qxg3 16. fxg3 Bxe4 17. dxe4 gxh6 18. Rf6 Kg7 19. Raf1 Be5 20. R6f3 c5 21. b3 b5 0-1